000 01357nam a2200325 i 4500
001 768714001
003 CO-MdFUSB
005 20210908142902.0
007 ta
008 210520t1962 -us |||| |||| 00| 0 eng d
020 _a[No incluye ISBN]
040 _aCO-MdFUSB
_bspa
_cCO-MdFUSB
_dCO-MdFUSBC
_erda
041 _aeng
082 _223
_a228.07
_bP744
100 _aPoellot, Luther,
_eautor
245 _aRevelation
_c/ Luther Poellot
264 1 _aEstados Unidos :
_bConcordia Publishing House,
_c[1962]
264 4 _c© 1962
300 _a314 páginas
_c; 24 cm
336 _2rdacontent
_atexto
_btxt
337 _2rdamedia
_asin mediación
_bn
338 _2rdacarrier
_avolumen
_bnc
490 _aConcordia classic commentary series.
505 _aLa providencia suprema de Dios. -- Las pruebas de la iglesia. -- Advertencias contra el pecado. -- Estímulos a la fidelidad. -- Satanás y sus agentes y seguidores en su oposición al Señor y su iglesia. -- El juicio de Dios sobre Satanás y sus agentes y seguidores. -- El cuidado amoroso y atento de Dios sobre su propio tiempo, y el triunfo final del reino de Dios en la recompensa de la gracia y la gloria que da a los fieles en el más allá en la eternidad.
563 _aRústico
630 0 7 _aBiblia.
_pApocalipsis
942 _cBK
945 _aJTF-925
999 _c66747
_d66747